|
|
|
|
| LEADER |
01134nam a2200301 4500 |
| 001 |
c000061086 |
| 003 |
CARM |
| 005 |
20110509124301.0 |
| 008 |
740403s1974 enka b 00110 eng |
| 019 |
1 |
|
|a 439070
|z 40258029
|5 LACONCORD2021
|
| 020 |
|
|
|a 0080179266
|
| 020 |
|
|
|a 0080179274 (flexicover)
|
| 035 |
|
|
|a (OCoLC)874193
|5 LACONCORD2021
|
| 040 |
|
|
|a VCAV
|c VCAV
|
| 050 |
0 |
0 |
|a HE333
|b .H6 1974
|
| 082 |
0 |
4 |
|a 338.3/1
|
| 100 |
1 |
|
|a Hobbs, F. D.
|q (Frederick Derek)
|
| 245 |
1 |
0 |
|a Traffic planning and engineering, /
|c by F. D. Hobbs.
|
| 250 |
|
|
|a [1st ed.]
|
| 260 |
|
|
|a Oxford,
|a New York, :
|b Pergamon Press,
|c [1974].
|
| 300 |
|
|
|a x, 497 p. :
|b illus. ;
|c 21 cm.
|
| 490 |
0 |
|
|a Civil engineering division
|
| 500 |
|
|
|a Edition for 1967 by F. D. Hobbs and B. D. Richardson published under title: Traffic engineering.
|
| 504 |
|
|
|a Includes bibliographies.
|
| 650 |
|
0 |
|a Traffic engineering.
|
| 852 |
8 |
|
|b CARM
|h A2:AE14B0
|i B00804
|p 0042934
|f BK
|
| 999 |
f |
f |
|i f58da0c5-b089-5053-ad54-351f3d07e156
|s 95589d16-79ec-5cb2-b81c-c2b537e6457a
|
| 952 |
f |
f |
|p Can circulate
|a CAVAL
|b CAVAL
|c CAVAL
|d CARM 1 Store
|e B00804
|f A2:AE14B0
|h Other scheme
|i book
|m 0042934
|